<?xml version="1.0" encoding="UTF-8"?>
<marc:record xmlns:marc="http://www.loc.gov/MARC21/slim">
   <marc:leader>00000nam a2200000 a 4500</marc:leader>
   <marc:datafield ind1="1" ind2=" " tag="100">
      <marc:subfield code="a">Erkert, Andrea</marc:subfield>
      <marc:subfield code="4">ctb</marc:subfield>
      <marc:subfield code="e">Mitwirkende/-r</marc:subfield>
   </marc:datafield>
   <marc:datafield ind1="1" ind2=" " tag="100">
      <marc:subfield code="a">Pahl, Simone</marc:subfield>
      <marc:subfield code="4">ctb</marc:subfield>
      <marc:subfield code="e">Mitwirkende/-r</marc:subfield>
   </marc:datafield>
   <marc:datafield ind1=" " ind2=" " tag="653">
      <marc:subfield code="a">Tisch</marc:subfield>
   </marc:datafield>
   <marc:datafield ind1=" " ind2=" " tag="653">
      <marc:subfield code="a">Spiel</marc:subfield>
   </marc:datafield>
   <marc:datafield ind1=" " ind2=" " tag="653">
      <marc:subfield code="a">Kind</marc:subfield>
   </marc:datafield>
   <marc:datafield ind1=" " ind2=" " tag="653">
      <marc:subfield code="a">Ganztag</marc:subfield>
   </marc:datafield>
   <marc:datafield ind1=" " ind2=" " tag="653">
      <marc:subfield code="a">Grundschule</marc:subfield>
   </marc:datafield>
   <marc:datafield ind1=" " ind2=" " tag="653">
      <marc:subfield code="a">Familie</marc:subfield>
   </marc:datafield>
   <marc:datafield ind1=" " ind2=" " tag="653">
      <marc:subfield code="a">Tageseltern</marc:subfield>
   </marc:datafield>
   <marc:datafield ind1=" " ind2=" " tag="653">
      <marc:subfield code="a">Förderschule&lt;BR&gt;</marc:subfield>
   </marc:datafield>
   <marc:datafield ind1=" " ind2=" " tag="653">
      <marc:subfield code="a">Beispielsammlung</marc:subfield>
   </marc:datafield>
   <marc:datafield ind1="0" ind2="0" tag="245">
      <marc:subfield code="a">Das Tischspiele-Buch</marc:subfield>
   </marc:datafield>
   <marc:datafield ind1="0" ind2="0" tag="245">
      <marc:subfield code="b">vielfältige Spielideen rund um den Tisch: würfeln, raten, zählen, buchstabieren, fühlen, bewegen und gestalten</marc:subfield>
   </marc:datafield>
   <marc:datafield ind1="0" ind2="0" tag="245">
      <marc:subfield code="c">Andrea Erkert. Ill. von Simone Pahl</marc:subfield>
   </marc:datafield>
   <marc:datafield ind1=" " ind2="1" tag="264">
      <marc:subfield code="a">Münster</marc:subfield>
      <marc:subfield code="b">Ökotopia-Verl.</marc:subfield>
      <marc:subfield code="c">2011</marc:subfield>
   </marc:datafield>
   <marc:datafield ind1=" " ind2=" " tag="250">
      <marc:subfield code="a">1. Aufl.</marc:subfield>
   </marc:datafield>
   <marc:datafield ind1="1" ind2=" " tag="520">
      <marc:subfield code="a">Angaben aus der Verlagsmeldung

Das Tischspiele-Buch : Vielfältige Spielideen rund um den Tisch: würfeln, raten, zählen, buchstabieren, fühlen, bewegen und gestalten / von Andrea Erkert

So einfach kann Spielen sein!
In Zeiten vielfältiger Bildungs-Anforderungen an PädagogInnen wie Kinder wirken einfache und leicht umsetzbare Spielangebote Wunder!
Ob als lockerer Einstieg in den Tag, als Pausenfüller, für die Freispielphase oder als lustige Abschlussrunde: Die vielfältigen Tischspiele eignen sich für alle Gelegenheiten, sorgen für Spaß und gute Laune und bringen im wahrsten Sinne des Wortes alle an einen Tisch. Gleichzeitig wird durch Förderschwerpunkte deutlich, was ganz nebenbei gelernt wird: Neben sinnlichen Spielen zur Sensibilisierung von Auge, Ohr, Nase und Hand gibt es Angebote rund um Sprache und Schrift, Aktionen zu Zahlen, Formen und Farben, bewegte Spiele für die Grobmotorik unter, auf und rund um den Tisch, Stapel- und Balancier-Ideen für die Feinmotorik, musikalische Angebote sowie Kreativaktionen zur Förderung der Fantasie.
Alle Spiele eignen sich für Kinder zwischen 4 und 10 Jahren in Kiga und Grundschule, viele Anregungen aber auch ideal für das Elternhaus. Ein Muss für alle Tischspiel-Begeisterten und solche, die es werden wollen.
</marc:subfield>
   </marc:datafield>
   <marc:datafield ind1=" " ind2=" " tag="020">
      <marc:subfield code="a">9783867021357</marc:subfield>
      <marc:subfield code="9">9783867021357</marc:subfield>
   </marc:datafield>
   <marc:datafield ind1=" " ind2=" " tag="041">
      <marc:subfield code="a">ger</marc:subfield>
   </marc:datafield>
   <marc:datafield ind1=" " ind2=" " tag="300">
      <marc:subfield code="a">94 S.</marc:subfield>
   </marc:datafield>
</marc:record>
